[Event "AUT-ch 2018"]
[Site "Vienna"]
[Date "2018.07.24"]
[Round "4"]
[White "Bauer, Thomas"]
[Black "Menezes, Christoph"]
[Result "0-1"]
[WhiteElo "2181"]
[BlackElo "2430"]
[Annotator "TA"]
[PlyCount "118"]
[EventDate "2018.07.22"]
[EventType "swiss"]
[EventCountry "AUT"]
[SourceTitle "playchess.com"]
[Source "ChessBase"]
[SourceQuality "1"]

{[%evp 12,117,29,0,24,25,38,15,19,0,15,0,0,-3,1,-44,-37,-92,-95,-101,-90,-99,-88,-110,-95,-91,-106,-106,-93,-87,-48,-88,-15,-53,-25,-49,-31,-27,-18,-61,-14,-52,-24,-88,-19,-44,-35,-87,-81,-101,-72,-63,-71,-68,-45,-43,29,-125,-111,-115,-110,-122,-101,-216,-228,-168,-107,-204,-146,-124,-76,-128,-133,-195,-192,-175,-187,-166,-112,-122,-117,-131,-117,-375,-372,-481,-484,-858,-795,-762,-630,-578,-507,-502,-454,-443,-366,-385,-147,-1381,-1375,-1359,-1336,-1259,-1257,-5459,-5451,-29999]} 1. e4 c5 2. Nf3 e6 3. d4 cxd4 4. Nxd4 a6 5. Bd3 Qc7 6. a3 Nf6 7. Nc3 {LiveBook: 4 Partien} d6 {B43: Sizilianisch (Paulsen-Variante)} 8. f4 g6 9. O-O Bg7 {Die Stellung ist ausgeglichen.} 10. Kh1 Nbd7 $146 ({Vorgänger:} 10... O-O 11. f5 Nc6 12. Nxc6 bxc6 13. Bg5 d5 14. Qe1 dxe4 15. Bxf6 Bxf6 16. Nxe4 Bxb2 {1-0 (26) Jobava,B (2644)-Makolli,P (2238) Kemer 2007}) 11. Be3 O-O 12. Qf3 Re8 13. Nde2 b5 14. g4 (14. Qg3 $15) 14... Bb7 $17 15. g5 Nh5 16. Rae1 Rad8 17. Qf2 Rc8 18. Kg1 f5 19. gxf6 Ndxf6 20. Qh4 Qd8 21. Qh3 Kh8 (21... e5 $17) 22. Rf2 Ba8 23. Ref1 Qd7 24. Rd1 Qb7 25. Kf1 Qe7 26. Kg1 Nd7 27. Rdf1 (27. Ng3 $11) 27... Rcd8 (27... Nc5 $17) 28. Rg2 Rf8 29. Rg4 (29. Ng3 $15) 29... Kg8 30. Rf2 Ndf6 31. Rg5 Bh6 32. Rgg2 Kh8 33. Nd4 Rde8 (33... Rfe8 $15) 34. b4 $2 (34. Nxe6 $1 $11 Qxe6 35. f5 gxf5 36. Bxh6) 34... e5 35. fxe5 Bxe3 36. Qxe3 dxe5 37. Nb3 (37. Nde2 $17) 37... Nf4 $19 38. Rg3 Bb7 (38... h5 $19 39. h3 h4) 39. Nc5 (39. Be2 $17) 39... Bc8 {Droht stark ...Sg4.} 40. Be2 Rd8 41. h3 (41. Kh1 $142) 41... h5 $17 {[%cal Bh7h5,Bh5h4][%mdl 32]} 42. Bf1 (42. Nd5 $17 N6xd5 43. exd5) 42... h4 $19 43. Rgf3 Qg7 {zielt auf ...g5 ab.} 44. Nd3 N6h5 ({Besser ist} 44... g5 $19 45. Nxe5 N6h5) 45. Qc5 $17 Rde8 {[%cal Bd8e8,Be8e6,Be6g6,Bg6g8][%mdl 32]} 46. Nd5 {[%cal Rd3f4] [#]} g5 $1 {[%cal Rg5g4] Weiss muss nun ...g4 beachten.} 47. N3xf4 $4 {[%mdl 8192]} (47. Nc7 $17 {war angesagt.}) 47... gxf4+ $19 ({Nicht} 47... exf4 48. Bg2 $19) 48. Kh2 Ng3 ({Schwächer ist} 48... Rg8 49. Rg2 $17) 49. Nc3 (49. Rg2 $142 Qd7 50. Kg1) 49... Rg8 50. Bg2 Re6 51. Rd2 Rg6 {( -> ...Se2!)} 52. Qf2 {und die Idee Tfd3 ließe Weiss weiter hoffen.} Be6 53. Rfd3 Qh6 54. Rd8 {[#]} Bc4 $2 (54... f3 $1 $19 {[%mdl 512] und Schwarz behält klar die Oberhand. ...Df4 ist eine echte Drohung.} 55. Qxf3 Rf6 56. Rxg8+ Kxg8) 55. Qc5 $2 {[%mdl 8192]} (55. R2d7 $17) 55... Qg5 56. Rxg8+ Rxg8 57. Qf2 {[#]} f3 $1 {[%mdl 512]} 58. Qxf3 {[#]} Nf1+ $1 {[%mdl 512]} 59. Bxf1 Qg1# {Precision: Weiß = 24%, Schwarz = 58%.} 0-1

[Event "AUT-ch 2018"]
[Site "Vienna"]
[Date "2018.07.24"]
[Round "4"]
[White "Polterauer, Chiara"]
[Black "Huber, Martin Christian"]
[Result "1/2-1/2"]
[WhiteElo "2169"]
[BlackElo "2374"]
[Annotator "NA"]
[PlyCount "62"]
[EventDate "2018.07.22"]
[EventType "swiss"]
[EventCountry "AUT"]
[SourceTitle "playchess.com"]
[Source "ChessBase"]
[SourceQuality "1"]
[TimeControl "40/5400+30:1800+30"]

1. e4 {[%emt 0:00:00]} e5 {[%emt 0:00:30]} 2. Nf3 {[%emt 0:00:00]} Nc6 {[%emt 0:00:11]} 3. Bc4 {[%emt 0:00:00]} Nf6 {[%emt 0:01:12]} 4. d3 {[%emt 0:00:42]} Bc5 {[%emt 0:00:22]} 5. c3 {[%emt 0:00:28]} O-O {[%emt 0:00:14]} 6. Nbd2 {[%emt 0:00:40]} d5 7. exd5 {[%emt 0:00:21]} Nxd5 {[%emt 0:01:31]} 8. Ne4 {[%emt 0:00:05]} Be7 {[%emt 0:04:40]} 9. O-O {[%emt 0:00:39]} Kh8 {[%emt 0:05:47]} 10. Re1 {[%emt 0:18:34]} a6 {[%emt 0:08:29]} 11. Ng3 {[%emt 0:07:33]} f6 {[%emt 0:10:07]} 12. a4 {[%emt 0:01:05]} Be6 {[%emt 0:14:14]} 13. Ba2 {[%emt 0:13:23]} Qe8 {[%emt 0:03:44]} 14. d4 {[%emt 0:07:05]} Rd8 {[%emt 0:02:55]} 15. Qe2 {[%emt 0:00:40]} Qf7 {[%emt 0:11:22]} 16. c4 {[%emt 0:06:45]} Ndb4 {[%emt 0:00:17]} 17. d5 {[%emt 0:00:15]} Nxa2 {[%emt 0:00:23]} 18. Rxa2 {[%emt 0:00:47]} Bxd5 {[%emt 0:00:09]} 19. cxd5 {[%emt 0:00:18]} Qxd5 {[%emt 0:00:53]} 20. Ra1 {[%emt 0:01:11]} Bb4 {[%emt 0:01:27]} 21. Bd2 {[%emt 0:03:48]} Bxd2 {[%emt 0:02:17]} 22. Red1 {[%emt 0:00:04]} Nd4 {[%emt 0:00:41]} 23. Nxd4 {[%emt 0:00:57]} Qxd4 {[%emt 0:01:25]} 24. Nf1 {[%emt 0:01:59]} Qxb2 {[%emt 0:00:46]} 25. Nxd2 {[%emt 0:00:10]} Rd4 {[%emt 0:04:52]} 26. Kf1 {[%emt 0:08:51]} Rfd8 {[%emt 0:09:40]} 27. Nf3 {[%emt 0:03:58]} Qxe2+ {[%emt 0:07:03]} 28. Kxe2 {[%emt 0:00:05]} Re4+ {[%emt 0:03:10]} 29. Kf1 {[%emt 0:00:06]} Rxd1+ {[%emt 0:00:23]} 30. Rxd1 {[%emt 0:00:04]} h5 {[%emt 0:00:09]} 31. Ra1 {[%emt 0:06:05]} Kg8 {[%emt 0:01:47]} 1/2-1/2

[Event "AUT-ch 2018"]
[Site "Vienna"]
[Date "2018.07.24"]
[Round "4"]
[White "Zimmermann, Heinz"]
[Black "Ly, Dominik"]
[Result "0-1"]
[WhiteElo "2162"]
[BlackElo "2217"]
[Annotator "NA"]
[PlyCount "70"]
[EventDate "2018.07.22"]
[EventType "swiss"]
[EventCountry "AUT"]
[SourceTitle "playchess.com"]
[Source "ChessBase"]
[SourceQuality "1"]
[TimeControl "40/5400+30:1800+30"]

1. Nf3 {[%emt 0:00:00]} c5 {[%emt 0:00:11]} 2. g3 {[%emt 0:00:00]} Nc6 {[%emt 0:01:15]} 3. Bg2 {[%emt 0:00:14]} g6 {[%emt 0:00:16]} 4. c3 {[%emt 0:00:49]} e5 {[%emt 0:04:56]} 5. e4 {[%emt 0:00:26]} Bg7 {[%emt 0:00:17]} 6. O-O {[%emt 0:01:28]} Nge7 {[%emt 0:00:24]} 7. d3 {[%emt 0:03:25]} O-O {[%emt 0:04:29]} 8. Be3 {[%emt 0:02:39]} b6 {[%emt 0:06:42]} 9. d4 {[%emt 0:09:41]} d6 {[%emt 0:03:03]} 10. dxe5 {[%emt 0:08:42]} dxe5 {[%emt 0:00:10]} 11. Qc2 {[%emt 0:03:06]} h6 {[%emt 0:02:24]} 12. Rd1 {[%emt 0:01:44]} Qc7 {[%emt 0:00:20]} 13. Na3 {[%emt 0:05:14]} a6 {[%emt 0:00:25]} 14. b4 {[%emt 0:05:34]} Na7 {[%emt 0:07:08]} 15. bxc5 {[%emt 0:01:40]} bxc5 {[%emt 0:00:07]} 16. Nc4 {[%emt 0:02:24]} Be6 {[%emt 0:03:10]} 17. Nfd2 {[%emt 0:02:16]} Rfd8 {[%emt 0:02:33]} 18. Bf1 {[%emt 0:00:33]} f5 {[%emt 0:29:33]} 19. f3 {[%emt 0:01:38]} fxe4 {[%emt 0:00:34]} 20. fxe4 {[%emt 0:03:35]} Nec6 {[%emt 0:10:33]} 21. Bxc5 {[%emt 0:10:15]} Rab8 {[%emt 0:01:24]} 22. Nb3 {[%emt 0:04:24]} Bf8 {[%emt 0:02:13]} 23. Rxd8 {[%emt 0:04:12]} Qxd8 {[%emt 0:03:59]} 24. Rd1 {[%emt 0:02:47]} Qc7 {[%emt 0:00:18]} 25. Bf2 {[%emt 0:06:24]} Nb5 {[%emt 0:05:22]} 26. Nc5 {[%emt 0:03:40]} Bxc5 {[%emt 0:01:51]} 27. Bxc5 {[%emt 0:00:07]} Na5 {[%emt 0:00:34]} 28. Bd6 {[%emt 0:07:55]} Nxd6 {[%emt 0:01:56]} 29. Rxd6 {[%emt 0:04:09]} Bxc4 {[%emt 0:00:43]} 30. Bxc4+ {[%emt 0:04:16]} Nxc4 {[%emt 0:00:11]} 31. Rxg6+ {[%emt 0:00:15]} Kh7 {[%emt 0:00:07]} 32. Rxa6 Qc5+ {[%emt 0:00:17]} 33. Kh1 {[%emt 0:00:44]} Qe3 {[%emt 0:00:42]} 34. Qd1 {[%emt 0:01:08]} Qxe4+ {[%emt 0:00:09]} 35. Kg1 {[%emt 0:00:07]} Rb1 {[%emt 0:00:06]} 0-1

[Event "AUT-ch 2018"]
[Site "Vienna"]
[Date "2018.07.24"]
[Round "4"]
[White "Jakits, Leopold"]
[Black "Sandhoefner, Florian"]
[Result "0-1"]
[WhiteElo "2161"]
[BlackElo "2327"]
[Annotator "NA"]
[PlyCount "90"]
[EventDate "2018.07.22"]
[EventType "swiss"]
[EventCountry "AUT"]
[SourceTitle "playchess.com"]
[Source "ChessBase"]
[SourceQuality "1"]
[TimeControl "40/5400+30:1800+30"]

1. c4 {[%emt 0:00:00]} e5 {[%emt 0:00:01]} 2. g3 {[%emt 0:00:00]} Nf6 {[%emt 0:00:05]} 3. Bg2 {[%emt 0:00:00]} d5 {[%emt 0:00:03]} 4. cxd5 {[%emt 0:00:00]} Nxd5 {[%emt 0:00:03]} 5. Nc3 {[%emt 0:00:06]} Ne7 {[%emt 0:00:06]} 6. Nf3 {[%emt 0:03:39]} Nbc6 {[%emt 0:00:06]} 7. O-O {[%emt 0:03:03]} g6 {[%emt 0:00:49]} 8. Rb1 {[%emt 0:01:50]} Bg7 {[%emt 0:00:36]} 9. b4 {[%emt 0:03:07]} O-O {[%emt 0:01:12]} 10. d3 {[%emt 0:01:43]} h6 {[%emt 0:01:49]} 11. Bd2 {[%emt 0:01:41]} Be6 {[%emt 0:04:04]} 12. Qa4 f5 {[%emt 0:07:06]} 13. Rfd1 {[%emt 0:30:58]} a6 {[%emt 0:02:11]} 14. Qc2 {[%emt 0:13:37]} Nd4 {[%emt 0:10:03]} 15. Nxd4 {[%emt 0:01:56]} exd4 {[%emt 0:01:16]} 16. Na4 {[%emt 0:00:05]} Bd5 {[%emt 0:01:56]} 17. Bxd5+ {[%emt 0:09:35]} Nxd5 {[%emt 0:00:14]} 18. Nc5 {[%emt 0:00:11]} Qc8 {[%emt 0:00:34]} 19. b5 {[%emt 0:01:09]} axb5 {[%emt 0:02:53]} 20. Rxb5 {[%emt 0:00:34]} b6 {[%emt 0:01:19]} 21. Qc4 {[%emt 0:06:36]} Rd8 {[%emt 0:05:26]} 22. Nb3 {[%emt 0:05:11]} Qe6 {[%emt 0:01:57]} 23. Nxd4 {[%emt 0:01:16]} Bxd4 {[%emt 0:00:33]} 24. Qxd4 {[%emt 0:00:37]} c5 {[%emt 0:04:49]} 25. Qa1 {[%emt 0:04:44]} Qxe2 {[%emt 0:01:19]} 26. Bxh6 {[%emt 0:00:19]} Rd7 {[%emt 0:00:46]} 27. a4 {[%emt 0:05:25]} Kh7 {[%emt 0:04:37]} 28. Bg5 {[%emt 0:01:35]} Rda7 {[%emt 0:05:43]} 29. Rb2 {[%emt 0:04:56]} Qg4 {[%emt 0:02:10]} 30. Qc1 {[%emt 0:00:07]} Rxa4 {[%emt 0:01:29]} 31. Rf1 {[%emt 0:00:55]} f4 {[%emt 0:02:34]} 32. h4 {[%emt 0:00:32]} Qh3 {[%emt 0:02:46]} 33. gxf4 {[%emt 0:00:31]} Qg4+ {[%emt 0:00:43]} 34. Kh2 {[%emt 0:00:31]} Nxf4 {[%emt 0:02:04]} 35. f3 {[%emt 0:00:25]} Qh3+ {[%emt 0:05:27]} 36. Kg1 {[%emt 0:00:02]} Qg3+ {[%emt 0:00:46]} 37. Kh1 {[%emt 0:00:02]} Ra1 {[%emt 0:02:20]} 38. Bxf4 {[%emt 0:01:24]} Qh3+ {[%emt 0:01:27]} 39. Rh2 {[%emt 0:00:26]} Qxf1+ {[%emt 0:00:55]} 40. Qxf1 {[%emt 0:00:04]} Rxf1+ {[%emt 0:30:02]} 41. Kg2 {[%emt 0:30:09]} Rfa1 {[%emt 0:00:29]} 42. Kg3 {[%emt 0:00:00]} R8a2 {[%emt 0:00:00]} 43. Rxa2 {[%emt 0:00:00]} Rxa2 {[%emt 0:00:00]} 44. Bc7 {[%emt 0:00:00]} b5 {[%emt 0:00:00]} 45. Kf4 {[%emt 0:00:00]} b4 {[%emt 0:00:00]} 0-1

[Event "AUT-ch 2018"]
[Site "Vienna"]
[Date "2018.07.24"]
[Round "4"]
[White "Ager, Josef"]
[Black "Mostbauer, Florian"]
[Result "1/2-1/2"]
[WhiteElo "2154"]
[BlackElo "2319"]
[Annotator "NA"]
[PlyCount "96"]
[EventDate "2018.07.22"]
[EventType "swiss"]
[EventCountry "AUT"]
[SourceTitle "playchess.com"]
[Source "ChessBase"]
[SourceQuality "1"]
[TimeControl "40/5400+30:1800+30"]

1. Nf3 {[%emt 0:00:00]} d5 {[%emt 0:00:07]} 2. g3 {[%emt 0:00:00]} c6 {[%emt 0:00:06]} 3. Bg2 {[%emt 0:00:00]} Bf5 {[%emt 0:00:09]} 4. c4 {[%emt 0:00:00]} e6 {[%emt 0:00:07]} 5. O-O {[%emt 0:00:42]} Nf6 {[%emt 0:00:23]} 6. d3 {[%emt 0:00:19]} Be7 {[%emt 0:08:08]} 7. b3 {[%emt 0:00:10]} h6 {[%emt 0:00:22]} 8. Ba3 {[%emt 0:00:28]} O-O {[%emt 0:00:41]} 9. Bxe7 {[%emt 0:00:05]} Qxe7 {[%emt 0:00:06]} 10. Nc3 {[%emt 0:00:33]} e5 {[%emt 0:04:53]} 11. cxd5 {[%emt 0:01:07]} cxd5 {[%emt 0:02:34]} 12. d4 {[%emt 0:00:30]} e4 {[%emt 0:00:59]} 13. Ne5 {[%emt 0:00:07]} Nbd7 {[%emt 0:00:31]} 14. Nxd7 {[%emt 0:00:57]} Qxd7 {[%emt 0:00:16]} 15. Qd2 {[%emt 0:00:16]} Rfe8 {[%emt 0:01:21]} 16. e3 {[%emt 0:00:45]} Bh3 {[%emt 0:07:32]} 17. Rfc1 {[%emt 0:02:18]} Rac8 {[%emt 0:01:56]} 18. Ne2 {[%emt 0:09:56]} Nh7 {[%emt 0:16:25]} 19. Bxh3 {[%emt 0:01:51]} Qxh3 {[%emt 0:00:08]} 20. Nf4 {[%emt 0:00:08]} Qf5 {[%emt 0:01:13]} 21. h4 {[%emt 0:06:31]} g5 {[%emt 0:01:50]} 22. Ng2 {[%emt 0:00:22]} Nf6 {[%emt 0:01:38]} 23. Kh2 {[%emt 0:08:33]} Kg7 {[%emt 0:06:32]} 24. Rh1 {[%emt 0:00:54]} Ng4+ {[%emt 0:01:52]} 25. Kg1 {[%emt 0:00:12]} Rc6 {[%emt 0:00:41]} 26. Rf1 {[%emt 0:04:39]} Rec8 {[%emt 0:04:01]} 27. Ne1 {[%emt 0:00:21]} Rc1 {[%emt 0:02:10]} 28. Kg2 {[%emt 0:02:58]} R8c3 {[%emt 0:04:12]} 29. hxg5 {[%emt 0:02:18]} hxg5 {[%emt 0:00:19]} 30. Rh5 {[%emt 0:03:16]} Rxe1 {[%emt 0:12:14]} 31. Rxe1 {[%emt 0:01:25]} Qf3+ {[%emt 0:08:34]} 32. Kg1 {[%emt 0:00:20]} Nxf2 {[%emt 0:07:52]} 33. Rh2 {[%emt 0:08:03]} Qxg3+ {[%emt 0:01:13]} 34. Rg2 {[%emt 0:00:08]} Nh3+ {[%emt 0:00:52]} 35. Kh1 {[%emt 0:00:16]} Qc7 {[%emt 0:01:45]} 36. Qe2 {[%emt 0:02:05]} Rc6 {[%emt 0:00:37]} 37. Rh2 {[%emt 0:04:54]} Rh6 {[%emt 0:00:24]} 38. Qg2 {[%emt 0:04:53]} Qc3 {[%emt 0:02:30]} 39. Qg3 {[%emt 0:01:47]} Qc8 {[%emt 0:01:18]} 40. Rf1 {[%emt 0:01:22]} Qe6 {[%emt 0:31:23]} 41. Kg2 {[%emt 0:33:38]} g4 {[%emt 0:00:00]} 42. Qe5+ {[%emt 0:00:00]} Qxe5 {[%emt 0:00:00]} 43. dxe5 {[%emt 0:00:00]} Rh5 {[%emt 0:00:00]} 44. Kg3 {[%emt 0:00:00]} Rxe5 {[%emt 0:00:00]} 45. Kxg4 {[%emt 0:00:00]} Ng5 {[%emt 0:00:00]} 46. Rf5 {[%emt 0:00:00]} Nf3 {[%emt 0:00:00]} 47. Rc2 {[%emt 0:00:00]} Kg6 {[%emt 0:00:00]} 48. Rxe5 {[%emt 0:00:00]} Nxe5+ {[%emt 0:00:00]} 1/2-1/2

[Event "AUT-ch 2018"]
[Site "Vienna"]
[Date "2018.07.24"]
[Round "4"]
[White "Trippold, Denise"]
[Black "Kummer, Helmut"]
[Result "0-1"]
[WhiteElo "2138"]
[BlackElo "2290"]
[Annotator "NA"]
[PlyCount "84"]
[EventDate "2018.07.22"]
[EventType "swiss"]
[EventCountry "AUT"]
[SourceTitle "playchess.com"]
[Source "ChessBase"]
[SourceQuality "1"]
[TimeControl "40/5400+30:1800+30"]

1. d4 {[%emt 0:00:00]} Nf6 {[%emt 0:00:13]} 2. c4 {[%emt 0:00:00]} e6 {[%emt 0:01:42]} 3. Nf3 {[%emt 0:00:11]} b6 {[%emt 0:01:57]} 4. g3 {[%emt 0:00:14]} Bb7 {[%emt 0:03:22]} 5. Bg2 {[%emt 0:00:22]} Be7 {[%emt 0:00:12]} 6. O-O {[%emt 0:08:00]} O-O {[%emt 0:01:19]} 7. Nc3 {[%emt 0:02:20]} Ne4 {[%emt 0:02:37]} 8. Bd2 {[%emt 0:00:19]} d6 {[%emt 0:09:07]} 9. d5 {[%emt 0:02:36]} Nxd2 {[%emt 0:06:12]} 10. Qxd2 {[%emt 0:04:51]} e5 {[%emt 0:01:49]} 11. e4 {[%emt 0:02:18]} Nd7 {[%emt 0:00:57]} 12. b4 {[%emt 0:07:05]} g6 {[%emt 0:02:19]} 13. Ne1 {[%emt 0:01:06]} Bg5 {[%emt 0:00:31]} 14. Qe2 {[%emt 0:04:13]} Bh6 {[%emt 0:07:16]} 15. Nd3 {[%emt 0:04:32]} Qe7 {[%emt 0:02:53]} 16. Rae1 {[%emt 0:09:40]} f5 {[%emt 0:10:33]} 17. c5 {[%emt 0:08:04]} bxc5 {[%emt 0:00:25]} 18. bxc5 {[%emt 0:00:07]} Ba6 {[%emt 0:00:03]} 19. cxd6 {[%emt 0:02:34]} cxd6 {[%emt 0:00:05]} 20. Qc2 {[%emt 0:04:10]} Rac8 {[%emt 0:01:35]} 21. Rb1 {[%emt 0:11:46]} Nc5 {[%emt 0:07:36]} 22. Nb4 {[%emt 0:05:56]} Bxf1 {[%emt 0:00:49]} 23. Kxf1 {[%emt 0:02:58]} fxe4 {[%emt 0:01:11]} 24. Nc6 {[%emt 0:00:27]} Qf6 {[%emt 0:05:16]} 25. Nxe4 {[%emt 0:00:56]} Nxe4 {[%emt 0:00:19]} 26. Bxe4 {[%emt 0:00:05]} Rc7 {[%emt 0:00:11]} 27. a4 {[%emt 0:08:48]} Be3 {[%emt 0:00:23]} 28. f3 {[%emt 0:00:26]} g5 {[%emt 0:06:44]} 29. h3 {[%emt 0:07:46]} h5 {[%emt 0:04:14]} 30. Kg2 {[%emt 0:00:09]} Kg7 {[%emt 0:01:33]} 31. Qe2 {[%emt 0:01:30]} Bc5 {[%emt 0:00:15]} 32. a5 {[%emt 0:00:27]} g4 {[%emt 0:04:40]} 33. hxg4 {[%emt 0:00:23]} hxg4 {[%emt 0:00:09]} 34. Rf1 {[%emt 0:02:05]} gxf3+ {[%emt 0:03:39]} 35. Bxf3 {[%emt 0:00:01]} Rcf7 {[%emt 0:00:53]} 36. Qe4 {[%emt 0:00:48]} Qg6 37. Qxg6+ {[%emt 0:00:24]} Kxg6 {[%emt 0:01:37]} 38. Be4+ {[%emt 0:00:31]} Kg5 {[%emt 0:00:09]} 39. Rf3 {[%emt 0:00:38]} Kg4 {[%emt 0:00:58]} 40. Rxf7 {[%emt 0:00:18]} Rxf7 {[%emt 0:30:05]} 41. Nd8 {[%emt 0:30:54]} Rf2+ {[%emt 0:00:11]} 42. Kh1 {[%emt 0:00:05]} Kxg3 {[%emt 0:00:10]} 0-1

[Event "AUT-ch 2018"]
[Site "Vienna"]
[Date "2018.07.24"]
[Round "4"]
[White "Hapala, Elisabeth"]
[Black "Sadilek, Peter"]
[Result "0-1"]
[WhiteElo "2131"]
[BlackElo "2268"]
[Annotator "NA"]
[PlyCount "54"]
[EventDate "2018.07.22"]
[EventType "swiss"]
[EventCountry "AUT"]
[SourceTitle "playchess.com"]
[Source "ChessBase"]
[SourceQuality "1"]
[TimeControl "40/5400+30:1800+30"]

1. e4 {[%emt 0:00:00]} Nc6 {[%emt 0:01:03]} 2. Nf3 {[%emt 0:00:12]} d6 {[%emt 0:00:18]} 3. d4 {[%emt 0:01:01]} Nf6 {[%emt 0:01:57]} 4. Nc3 {[%emt 0:01:13]} g6 {[%emt 0:00:10]} 5. d5 {[%emt 0:08:23]} Nb8 {[%emt 0:00:20]} 6. Be3 {[%emt 0:03:03]} Bg7 {[%emt 0:03:23]} 7. Qd2 {[%emt 0:08:11]} O-O {[%emt 0:01:55]} 8. h3 {[%emt 0:02:23]} c6 {[%emt 0:12:18]} 9. O-O-O {[%emt 0:04:43]} b5 {[%emt 0:22:29]} 10. dxc6 {[%emt 0:08:46]} b4 {[%emt 0:00:23]} 11. Nd5 {[%emt 0:00:58]} Nxc6 {[%emt 0:00:15]} 12. Nxf6+ {[%emt 0:25:03]} Bxf6 {[%emt 0:00:03]} 13. Bc4 {[%emt 0:00:11]} Qc7 {[%emt 0:07:56]} 14. Bd5 {[%emt 0:05:31]} Rb8 {[%emt 0:10:09]} 15. Bg5 {[%emt 0:06:25]} Bh8 {[%emt 0:19:20]} 16. Bxc6 {[%emt 0:07:42]} Qxc6 {[%emt 0:00:11]} 17. Bxe7 {[%emt 0:00:04]} Qa6 {[%emt 0:05:07]} 18. Bxf8 {[%emt 0:03:51]} Bxb2+ {[%emt 0:05:15]} 19. Kxb2 {[%emt 0:00:43]} Qa3+ {[%emt 0:00:03]} 20. Kb1 {[%emt 0:08:26]} Be6 {[%emt 0:00:38]} 21. Qd5 {[%emt 0:01:31]} Bxd5 {[%emt 0:00:20]} 22. Rxd5 {[%emt 0:00:02]} Kxf8 {[%emt 0:02:57]} 23. Rhd1 {[%emt 0:00:35]} Rb6 {[%emt 0:01:14]} 24. e5 {[%emt 0:01:52]} Ra6 {[%emt 0:00:55]} 25. exd6 {[%emt 0:00:52]} Qxa2+ {[%emt 0:00:06]} 26. Kc1 {[%emt 0:00:02]} b3 {[%emt 0:00:43]} 27. Kd2 {[%emt 0:01:10]} bxc2 {[%emt 0:00:13]} 0-1

[Event "AUT-ch 2018"]
[Site "Vienna"]
[Date "2018.07.24"]
[Round "4"]
[White "Froewis, Annika"]
[Black "Schloffer, Jasmin-Denise"]
[Result "0-1"]
[WhiteElo "2128"]
[BlackElo "2102"]
[Annotator "NA"]
[PlyCount "116"]
[EventDate "2018.07.22"]
[EventType "swiss"]
[EventCountry "AUT"]
[SourceTitle "playchess.com"]
[Source "ChessBase"]
[SourceQuality "1"]
[TimeControl "40/5400+30:1800+30"]

1. e4 {[%emt 0:00:00]} e5 {[%emt 0:00:05]} 2. Nf3 {[%emt 0:00:00]} Nc6 {[%emt 0:00:06]} 3. Bc4 {[%emt 0:00:00]} Bc5 {[%emt 0:00:07]} 4. c3 {[%emt 0:00:00]} Nf6 {[%emt 0:00:06]} 5. d4 {[%emt 0:00:10]} exd4 {[%emt 0:00:10]} 6. e5 {[%emt 0:00:14]} d5 {[%emt 0:01:40]} 7. Be2 {[%emt 0:00:18]} Ne4 {[%emt 0:00:43]} 8. cxd4 {[%emt 0:00:17]} Bb4+ {[%emt 0:03:25]} 9. Bd2 {[%emt 0:00:16]} Nxd2 {[%emt 0:02:07]} 10. Nbxd2 {[%emt 0:00:13]} O-O {[%emt 0:00:18]} 11. O-O {[%emt 0:00:23]} f6 {[%emt 0:04:36]} 12. Rc1 {[%emt 0:05:37]} Kh8 {[%emt 0:06:44]} 13. a3 {[%emt 0:04:23]} Bxd2 {[%emt 0:01:26]} 14. Qxd2 {[%emt 0:00:23]} Bg4 {[%emt 0:04:08]} 15. Rcd1 {[%emt 0:18:19]} Qe7 {[%emt 0:09:06]} 16. exf6 {[%emt 0:03:48]} Qxf6 {[%emt 0:01:16]} 17. Ne5 {[%emt 0:05:19]} Bxe2 {[%emt 0:01:57]} 18. Qxe2 {[%emt 0:00:17]} Nxe5 {[%emt 0:02:32]} 19. dxe5 {[%emt 0:03:26]} Qe6 {[%emt 0:00:31]} 20. f4 {[%emt 0:00:53]} c6 {[%emt 0:01:25]} 21. Rd3 {[%emt 0:13:05]} Rae8 {[%emt 0:04:10]} 22. Rh3 {[%emt 0:04:11]} Rf7 {[%emt 0:09:43]} 23. Qf2 {[%emt 0:09:13]} b6 {[%emt 0:02:51]} 24. Qh4 {[%emt 0:00:21]} g6 {[%emt 0:00:25]} 25. g4 {[%emt 0:03:56]} c5 {[%emt 0:02:21]} 26. Qg5 {[%emt 0:04:17]} Rg8 {[%emt 0:07:07]} 27. Rhf3 {[%emt 0:09:06]} d4 {[%emt 0:03:13]} 28. h3 {[%emt 0:08:18]} b5 {[%emt 0:08:22]} 29. Qh4 {[%emt 0:00:32]} c4 {[%emt 0:01:33]} 30. Qf2 {[%emt 0:01:01]} d3 {[%emt 0:04:23]} 31. Qe3 {[%emt 0:01:01]} Re8 {[%emt 0:01:56]} 32. Re1 {[%emt 0:01:07]} a6 {[%emt 0:01:32]} 33. Rf2 {[%emt 0:00:57]} Ref8 {[%emt 0:05:03]} 34. Qd4 {[%emt 0:00:55]} Rd7 {[%emt 0:01:11]} 35. Qc3 {[%emt 0:00:33]} Rdf7 {[%emt 0:01:34]} 36. Qd4 {[%emt 0:00:22]} h6 {[%emt 0:02:51]} 37. Kh2 {[%emt 0:00:45]} Rd7 {[%emt 0:03:18]} 38. Qc3 {[%emt 0:02:06]} Kh7 {[%emt 0:01:26]} 39. Qd2 {[%emt 0:01:05]} Re7 {[%emt 0:03:20]} 40. Qe3 {[%emt 0:02:05]} Ref7 {[%emt 0:31:11]} 41. Rg1 {[%emt 0:03:31]} Re7 {[%emt 0:00:00]} 42. Re1 {[%emt 0:03:23]} Rfe8 {[%emt 0:00:00]} 43. Qg3 {[%emt 0:02:32]} Qd5 {[%emt 0:00:00]} 44. h4 {[%emt 0:05:50]} Kg7 {[%emt 0:00:00]} 45. Qf3 {[%emt 0:07:05]} Qxf3 {[%emt 0:00:00]} 46. Rxf3 {[%emt 0:00:03]} g5 {[%emt 0:00:00]} 47. hxg5 {[%emt 0:04:36]} hxg5 {[%emt 0:00:00]} 48. Kg3 {[%emt 0:00:58]} gxf4+ {[%emt 0:00:00]} 49. Kxf4 {[%emt 0:00:15]} Rf7+ {[%emt 0:00:00]} 50. Kg3 {[%emt 0:01:30]} Rxf3+ {[%emt 0:00:00]} 51. Kxf3 {[%emt 0:00:02]} Kg6 {[%emt 0:00:00]} 52. Ke4 {[%emt 0:00:47]} Rd8 {[%emt 0:00:00]} 53. Rd1 {[%emt 0:01:17]} Kg5 {[%emt 0:00:00]} 54. b3 {[%emt 0:01:10]} d2 {[%emt 0:00:00]} 55. bxc4 {[%emt 0:00:35]} bxc4 {[%emt 0:00:00]} 56. e6 {[%emt 0:00:40]} Kf6 {[%emt 0:00:00]} 57. g5+ {[%emt 0:03:26]} Kxe6 {[%emt 0:00:00]} 58. Ke3 {[%emt 0:01:02]} c3 {[%emt 0:00:00] Kd4 Ke5+} 0-1